Diagnóstico de la calidad del agua para consumo humano año 2010 (Registro nro. 297847)

Detalles MARC
000 -ENCABEZADO
Número de control [NR] 00957 a2200229 4500
005 - FECHA Y HORA DE LA ÚLTIMA TRANSACCIÓN
control field 20141209073214.0
008 - DE LONGITUD FIJA DE DATOS DE ELEMENTOS - INFORMACIÓN GENERAL
Elementos de longitud fija [NR] 141209s2011 ck d fr|||| 00| 0 spa d
020 ## - NUMERO INTERNACIONAL NORMALIZADO PARA LIBROS [R]
Número Internacional Normalizado del libro [NR] 9789588571492
040 ## - FUENTE DE CATALOGACION [NR]
Agencia de catalogación original [NR] CO-BoUCM
Idioma de catalogación [NR] spa
Quien Cataloga Jose A. Gerena
Quien Clasifica Jose A. Gerena
041 0# - CODIGO DE IDIOMA [R]
Código de idioma para texto/pista de sonido o título separado [R] Español
245 00 - MENCION DE TITULO [NR]
Título [NR] Diagnóstico de la calidad del agua para consumo humano año 2010
Parte restante del título [NR] análisis de las políticas desde la perspectiva de los derechos humanos
Mención de responsabilidad, etc. [NR] Defensoría del pueblo
260 ## - PUBLICACION, DISTRIBUCION, ETC. (PIE DE IMPRENTA) [R]
Fecha de publicación, distribución, etc. [R] 2011
Lugar de publicación, distribución, etc. [R] Bogotá (Colombia)
Nombre del editor, distribuidor, etc. [R] Defensoría del pueblo
300 ## - DESCRIPCION FISICA [R]
Extensión [R] 255 páginas
Otros detalles físicos [NR] cuadros, gráficas
650 #7 - ASIENTO SECUNDARIO DE MATERIA - TERMINO TEMATICO [R]
9 (RLIN) 8241
Término temático o nombre geográfico como elemento de entrada [NR] Abastecimiento de agua
Subdivisión geográfica [R] Colombia
650 #7 - ASIENTO SECUNDARIO DE MATERIA - TERMINO TEMATICO [R]
9 (RLIN) 11767
Término temático o nombre geográfico como elemento de entrada [NR] Contaminación del agua
Subdivisión geográfica [R] Colombia
650 #7 - ASIENTO SECUNDARIO DE MATERIA - TERMINO TEMATICO [R]
9 (RLIN) 25827
Término temático o nombre geográfico como elemento de entrada [NR] Tratamiento del agua
Subdivisión geográfica [R] Colombia
651 #4 - ASIENTO SECUNDARIO DE MATERIA - NOMBRE GEOGRAFICO [R]
Nombre geográfico [NR] Colombia
Subdivisión general [R] Abastecimiento de agua
9 (RLIN) 66300
690 ## - ASUNTO AGREGADO LOCAL DE ENTRADA - TÉRMINO TEMÁTICO (OCLC, RLIN)
9 (RLIN) 42854
Acceso temático local Ingeniería
710 #1 - ASIENTO SECUNDARIO - NOMBRE CORPORATIVO [R]
Nombre corporativo o de jurisdicción como elemento de entrada [NR] Colombia
Unidad subordinada [R] Defensoría del pueblo
9 (RLIN) 3392
942 ## - ELEMENTOS DE ENTRADA AGREGADOS (KOHA)
Sistema de clasificación DEWEY
Tema principal Ciencias aplicadas
Tipo de ítem principal el descrito en 300a Libro
Edición 1
Clasificación 328.1
Parte restante de la signatura top. D536
Existencias
Fecha de último préstamo Total préstamos Signatura topográfica Código de barras Última vez visto Ejemplar Costo de reposición Price effective from Tipo de ítem Perdido Sistema de clasificación Dañado No prestable Tipo de ítem específico Suprimido Ubicación habitual Ubicación actual Localización Fecha de creación Proveedor Forma de adquisición Costo
17/12/2014 1 628.1 D536 100144491 04/12/2025 Ej.1 26000.00 25/11/2014 Libro   DEWEY     Libro   Claustro Claustro 4to piso 25/11/2014 12 Donación 0.00